All Players in Last Life (Final Placements) - Statistics

General Stats
  • This quiz has been taken 127 times
  • The average score is 13 of 17
Answer Stats
Placements: Answer % Correct
17th SolidarityGaming
99%
16th MumboJumbo
89%
1st Smajor1995
85%
7th Grian
81%
2nd Rendog
79%
5th SmallishBeans
77%
3rd InTheLittleWood
74%
4th PearlescentMoon
74%
15th Skizzleman
71%
6th EthosLab
70%
14th ImpulseSV
70%
13th LDShadowLady
70%
8th ZombieCleo
70%
10th Bigbst4tz
67%
9th GTWScar
66%
12th BDouble0100
62%
11th TangoTek
58%
No matching quizzes found
Score Distribution
Percent of People with Each Score
Percentile by Number Answered
Your Score History
You have not taken this quiz